<?xml version="1.0" encoding="UTF-8"?>
<resp>
  <nextPage>https://data.bn.org.pl/api/networks/bibs.marcxml?marc=001+b1000000643142&amp;sinceId=1000000643143</nextPage>
  <collection>
    <record xmlns='http://www.loc.gov/MARC21/slim'><leader>01505nkm a2200481 i 4500</leader><controlfield tag='001'>b1000000643142</controlfield><controlfield tag='005'>20251216080632.5</controlfield><controlfield tag='007'>kj#ao##</controlfield><controlfield tag='008'>200512s1700    xx nnn            anger c</controlfield><controlfield tag='009'>9911496417705606</controlfield><datafield ind1=' ' ind2=' ' tag='035'><subfield code='a'>(PL)b1000000643142</subfield></datafield><datafield ind1=' ' ind2=' ' tag='040'><subfield code='a'>WA N</subfield><subfield code='c'>WA N</subfield><subfield code='d'>WA N</subfield></datafield><datafield ind1=' ' ind2=' ' tag='046'><subfield code='k'>1700~?</subfield><subfield code='2'>edtf</subfield></datafield><datafield ind1='0' ind2='0' tag='245'><subfield code='a'>George Leubner, Probst zum Heil Heiste, Pastor zu St. Bernhardin und des Consistorii Assessor zu Breslau.</subfield></datafield><datafield ind1=' ' ind2=' ' tag='260'><subfield code='c'>[przed 1700?].</subfield></datafield><datafield ind1=' ' ind2=' ' tag='300'><subfield code='a'>1 grafika :</subfield><subfield code='b'>miedzioryt ;</subfield><subfield code='c'>30,9x20,3 cm.</subfield></datafield><datafield ind1=' ' ind2=' ' tag='336'><subfield code='a'>Obraz</subfield><subfield code='b'>sti</subfield><subfield code='2'>rdacontent</subfield></datafield><datafield ind1=' ' ind2=' ' tag='337'><subfield code='a'>Bez urządzenia pośredniczącego</subfield><subfield code='b'>n</subfield><subfield code='2'>rdamedia</subfield></datafield><datafield ind1=' ' ind2=' ' tag='338'><subfield code='a'>Arkusz</subfield><subfield code='b'>nb</subfield><subfield code='2'>rdacarrier</subfield></datafield><datafield ind1=' ' ind2=' ' tag='380'><subfield code='a'>Grafiki</subfield></datafield><datafield ind1='1' ind2=' ' tag='388'><subfield code='a'>1601-1700</subfield></datafield><datafield ind1='1' ind2='7' tag='600'><subfield code='a'>Leubner, George</subfield><subfield code='2'>DBN</subfield></datafield><datafield ind1=' ' ind2='7' tag='648'><subfield code='a'>1501-1600</subfield><subfield code='2'>DBN</subfield></datafield><datafield ind1=' ' ind2='7' tag='650'><subfield code='a'>Kryza (ubiór)</subfield><subfield code='2'>DBN</subfield></datafield><datafield ind1=' ' ind2='7' tag='650'><subfield code='a'>Duchowieństwo katolickie</subfield><subfield code='2'>DBN</subfield></datafield><datafield ind1=' ' ind2='7' tag='650'><subfield code='a'>Proboszczowie</subfield><subfield code='2'>DBN</subfield></datafield><datafield ind1=' ' ind2='7' tag='651'><subfield code='a'>Dolny Śląsk</subfield><subfield code='2'>DBN</subfield></datafield><datafield ind1=' ' ind2='7' tag='651'><subfield code='a'>Niemcy</subfield><subfield code='2'>DBN</subfield></datafield><datafield ind1=' ' ind2='7' tag='651'><subfield code='a'>Wrocław (woj. dolnośląskie)</subfield><subfield code='2'>DBN</subfield></datafield><datafield ind1=' ' ind2='7' tag='655'><subfield code='a'>Portrety</subfield><subfield code='2'>DBN</subfield></datafield><datafield ind1=' ' ind2='7' tag='655'><subfield code='a'>Miedzioryt</subfield><subfield code='2'>DBN</subfield></datafield><datafield ind1=' ' ind2=' ' tag='852'><subfield code='b'>48OMNIS_NETWORK</subfield><subfield code='8'>9911496417705606</subfield></datafield><datafield ind1=' ' ind2=' ' tag='852'><subfield code='b'>48OMNIS_NLOP</subfield><subfield code='8'>991052716292005066</subfield></datafield><datafield ind1=' ' ind2=' ' tag='852'><subfield code='8'>22638159160005066</subfield><subfield code='j'>1</subfield><subfield code='h'>G.41967/AFG.55/IV</subfield><subfield code='b'>BN_PL</subfield><subfield code='p'>888a0878356</subfield><subfield code='c'>bikon</subfield></datafield></record>
  </collection>
</resp>
